| 000 | 00651cam a22002413a 4500 | ||
|---|---|---|---|
| 001 | 15311 | ||
| 003 | PGUSA | ||
| 005 | 20140828083328.0 | ||
| 008 | 050310s2005||||xxu|||||s|||||000 p eng d | ||
| 040 |
_aPGUSA _beng |
||
| 042 | _adc | ||
| 050 | 4 | _aPR | |
| 100 | 1 |
_aMorris, William, _d1834-1896 |
|
| 245 | 1 | 0 |
_aPoems By The Way and Love Is Enough _h[electronic resource] / _cWilliam Morris |
| 260 |
_bProject Gutenberg, _c2005 |
||
| 506 | _aPublic domain in the USA. | ||
| 516 | _aElectronic text | ||
| 653 | _aPoetry | ||
| 653 | _aDrama | ||
| 830 | 0 |
_aProject Gutenberg _v15311 |
|
| 856 | 4 | 0 | _uhttp://www.gutenberg.org/ebooks/15311 |
| 942 | _cEB | ||
| 999 |
_c244566 _d244566 |
||